Prison people : (Record no. 180600)
[ view plain ]
| 000 -LEADER | |
|---|---|
| fixed length control field | 00747cam9a220021700 4500 |
| 001 - CONTROL NUMBER | |
| control field | tmp15445704 |
| 003 - CONTROL NUMBER IDENTIFIER | |
| control field | UPRA |
| 005 - DATE AND TIME OF LATEST TRANSACTION | |
| control field | 20190830095413.0 |
| 008 - FIXED-LENGTH DATA ELEMENTS--GENERAL INFORMATION | |
| fixed length control field | 950816s1967 enk eng u |
| 035 ## - SYSTEM CONTROL NUMBER | |
| System control number | (Sirsi) r108784 |
| 035 ## - SYSTEM CONTROL NUMBER | |
| System control number | (UPRA)tmp15445704 |
| 040 ## - CATALOGING SOURCE | |
| Transcribing agency | UPRA |
| 100 1# - MAIN ENTRY--PERSONAL NAME | |
| Personal name | Tyndall, Nicholas, 1928- |
| Dates associated with a name | Tyndall, Nicholas, 1928- |
| Linkage | A67673.1 |
| 245 10 - TITLE STATEMENT | |
| Title | Prison people : |
| Remainder of title | my life and my work in the prison service. |
| 260 ## - PUBLICATION, DISTRIBUTION, ETC. | |
| Place of publication, distribution, etc. | Reading [England] : |
| Name of publisher, distributor, etc. | Educational Explorers Ltd., |
| Date of publication, distribution, etc. | [1967] |
| 440 #0 - SERIES STATEMENT/ADDED ENTRY--TITLE | |
| Title | My life and my work series |
| Linkage | S4175.1 |
| 504 ## - BIBLIOGRAPHY, ETC. NOTE | |
| Bibliography, etc. note | Bibliography: p. 148. |
| 650 #0 - SUBJECT ADDED ENTRY--TOPICAL TERM | |
| Topical term or geographic name entry element | Prisons -- Great Britain. |
| Geographic subdivision | Prisons -- Great Britain. |
| Linkage | S51628.1 |
| 949 ## - LOCAL PROCESSING INFORMATION (OCLC) | |
| a | HV9644 |
| w | lcc |
| i | 33729000395629 |
| m | MAIN |
| t | BOOK |
| l | ON-SHELF |
No items available.